| 000 | 01172namaa2200313 i 4500 | ||
|---|---|---|---|
| 003 | EG-GICUC | ||
| 005 | 20251117110435.0 | ||
| 008 | 251117s2003 ua |||jr|||| 000 0 ara d | ||
| 017 |
_a2003 / 21105 _bدار الكتب والوثائق القومية (مصر) |
||
| 020 | _a9776063365 | ||
| 040 |
_aEG-GiCUC _bara _cEG-GiCUC _dEG-GiCUC _erda |
||
| 082 | 0 | 4 |
_221 _a370.1 _bH641 |
| 092 | 0 | 4 |
_221 _a370.1 _bH641 |
| 099 | _a370.1 H641 | ||
| 100 | 1 |
_aهلال، عصام الدين على _eمؤلف. |
|
| 245 | 1 | 2 |
_aالتربية والطريق الثالث / _cدكتور عصام الدين هلال. |
| 264 |
_a[الجيزة(مصر)] : _bدار فرحة للنشر والتوزيع، _c2003. |
||
| 300 |
_a159 صفحة ؛ _c24 سم |
||
| 336 |
_2rdacontent _atext |
||
| 337 |
_2rdamedia _aUnmediated |
||
| 338 |
_2rdacarrier _avolume |
||
| 490 | _aسلسلة الدراسات التربوية | ||
| 504 | _aيشتمل على ارجاعات ببليوجرافية. | ||
| 541 |
_aد. جابر عصفور ؛ _bالقاهرة ؛ _cإهداء ؛ _d2024. |
||
| 650 | 1 | 7 |
_aالتعليم _xفلسفة _2qrmak |
| 651 | 1 | _2qrmak | |
| 905 | _aAya | ||
| 942 |
_2ddc _cBK _e21 _n0 |
||
| 999 |
_c175928 _d175928 |
||